[Event "Bundesliga 0506"]
[Site "Germany"]
[Date "2006.03.11"]
[Round "12.4"]
[White "Seel, Christian"]
[Black "Wahls, Matthias"]
[Result "0-1"]
[WhiteElo "2492"]
[BlackElo "2538"]
[PlyCount "74"]
[EventDate "2005.10.21"]
[EventType "team-tourn"]
[EventRounds "15"]
[EventCountry "GER"]
[SourceTitle "CBM 112"]
[Source "ChessBase"]
[SourceDate "2006.06.07"]
[SourceVersion "1"]
[SourceVersionDate "2006.06.07"]
[SourceQuality "1"]
[WhiteTeam "Godesberg"]
[BlackTeam "Hamburger SK"]
[WhiteTeamCountry "GER"]
[BlackTeamCountry "GER"]

1. d4 Nf6 2. c4 e6 3. Nf3 Bb4+ 4. Nbd2 0-0 5. a3 Be7 6. e4 d5 7. e5 Nfd7 8. Qc2 c5 9. Bd3 h6 10. 0-0 Nc6 11. Re1 a5 12. cxd5 exd5 13. dxc5 Nxc5 14. Nb3 Nxd3 15. Qxd3 Bg4 16. Nfd4 a4 17. Qg3 Qc8 18. e6 Bxe6 19. Bxh6 Bf6 20. Nxe6 fxe6 21. Nc5 Nd4 22. Rac1 Nf5 23. Qg6 Qe8 24. Qxe8 Rfxe8 25. Bf4 Bxb2 26. Rb1 Bxa3 27. Nxe6 Bd6 28. g4 Nd4 29. Bxd6 Nf3+ 30. Kg2 Nxe1+ 31. Rxe1 Ra6 32. f4 Rxd6 33. f5 a3 34. Ra1 Ra8 35. Kf3 a2 36. Nc7 Ra3+ 37. Kf4 Rb6 0-1

[Event "Bundesliga 0405"]
[Site "Germany"]
[Date "2005.02.13"]
[Round "11.4"]
[White "Wahls, Matthias"]
[Black "Appel, Ralf"]
[Result "1-0"]
[WhiteElo "2551"]
[BlackElo "2507"]
[PlyCount "83"]
[EventDate "2004.11.12"]
[EventType "team-tourn"]
[EventRounds "15"]
[EventCountry "GER"]
[SourceTitle "CBM 106"]
[Source "ChessBase"]
[SourceDate "2005.06.06"]
[SourceVersion "1"]
[SourceVersionDate "2005.06.06"]
[SourceQuality "1"]
[WhiteTeam "Hamburger SK"]
[BlackTeam "Wattenscheid"]
[WhiteTeamCountry "GER"]
[BlackTeamCountry "GER"]

1. c4 c6 2. e4 e5 3. Nc3 Be7 4. Nf3 d6 5. d4 Nd7 6. Be2 Ngf6 7. 0-0 0-0 8. Be3 Re8 9. d5 c5 10. Ne1 h6 11. Rb1 Nh7 12. f3 Ndf8 13. b4 cxb4 14. Rxb4 Bg5 15. Bf2 Bh4 16. g3 Be7 17. Nd3 Nd7 18. Kg2 Rf8 19. Qc2 b6 20. Rb2 Nc5 21. Nb4 Ng5 22. Nc6 Qe8 23. Re1 Bh3+ 24. Kg1 f5 25. Bxc5 dxc5 26. exf5 Bxf5 27. Qd1 Nh3+ 28. Kg2 Bf6 29. Ne4 Qg6 30. Bd3 Kh8 31. Bb1 Ng5 32. Nxg5 e4 33. Rbe2 Bc3 34. Nxe4 Bxe1 35. Ne7 Bh3+ 36. Kg1 Qf7 37. Rxe1 Qxe7 38. Nf2 Qd7 39. Nxh3 Qxh3 40. Qd3 Kg8 41. Qh7+ Kf7 42. Qg6+ 1-0

[Event "Bundesliga 0405"]
[Site "Germany"]
[Date "2004.11.28"]
[Round "4.5"]
[White "Wahls, Matthias"]
[Black "Pirrot, Dieter"]
[Result "1-0"]
[WhiteElo "2551"]
[BlackElo "2398"]
[PlyCount "113"]
[EventDate "2004.11.12"]
[EventType "team-tourn"]
[EventRounds "15"]
[EventCountry "GER"]
[SourceTitle "CBM 105"]
[Source "ChessBase"]
[SourceDate "2005.04.11"]
[SourceVersion "1"]
[SourceVersionDate "2005.04.11"]
[SourceQuality "1"]
[WhiteTeam "Hamburger SK"]
[BlackTeam "Hofheim"]
[WhiteTeamCountry "GER"]
[BlackTeamCountry "GER"]

1. c4 e5 2. g3 Nc6 3. Bg2 g6 4. Nc3 Bg7 5. e4 d6 6. d3 f5 7. Nge2 Nh6 8. h4 f4 9. gxf4 0-0 10. f3 Nf7 11. Nd5 Nb8 12. h5 c6 13. hxg6 hxg6 14. Ndc3 Be6 15. fxe5 dxe5 16. Be3 Na6 17. Qd2 Qd7 18. 0-0-0 b5 19. Qe1 Rfd8 20. Qh4 Kf8 21. Qh7 bxc4 22. Qxg6 cxd3 23. Ng3 Nh8 24. Rxh8+ Bxh8 25. Rh1 Bg7 26. Rh7 Qf7 27. Rxg7 Qxg6 28. Rxg6 Kf7 29. Rg5 Rg8 30. Bf1 Nb4 31. Kd2 Nc2 32. Rxg8 Rxg8 33. Bf2 Nd4 34. Bxd3 Nxf3+ 35. Ke3 Nh2 36. Ke2 Bg4+ 37. Kd2 Nf3+ 38. Kc2 Nd4+ 39. Bxd4 exd4 40. Na4 Be6 41. Ne2 Rd8 42. Nc5 Kf6 43. Ba6 Bg4 44. Nc1 Rh8 45. N1d3 Be2 46. Kb3 Rb8+ 47. Nb4 Bd1+ 48. Kc4 Be2+ 49. Kxd4 Rxb4+ 50. Kc3 Bxa6 51. Kxb4 Bc8 52. Nd3 Ba6 53. Kc3 Ke7 54. Nb4 Bb7 55. Kd4 c5+ 56. Kxc5 Bxe4 57. Nc6+ 1-0

[Event "Bundesliga 0405"]
[Site "Germany"]
[Date "2004.11.27"]
[Round "3.4"]
[White "Wahls, Matthias"]
[Black "Hansen, Curt"]
[Result "1/2-1/2"]
[WhiteElo "2551"]
[BlackElo "2633"]
[PlyCount "74"]
[EventDate "2004.11.12"]
[EventType "team-tourn"]
[EventRounds "15"]
[EventCountry "GER"]
[SourceTitle "CBM 105"]
[Source "ChessBase"]
[SourceDate "2005.04.11"]
[SourceVersion "1"]
[SourceVersionDate "2005.04.11"]
[SourceQuality "1"]
[WhiteTeam "Hamburger SK"]
[BlackTeam "Koeln Porz"]
[WhiteTeamCountry "GER"]
[BlackTeamCountry "GER"]

1. c4 e5 2. g3 Nf6 3. Bg2 Nc6 4. Nc3 Bb4 5. Nd5 Bc5 6. d3 0-0 7. Nf3 h6 8. a3 a6 9. b4 Ba7 10. Be3 Bxe3 11. Nxe3 d6 12. 0-0 Re8 13. Qd2 Ne7 14. Nh4 c6 15. Qb2 Be6 16. c5 Ng4 17. Nc2 Qc7 18. cxd6 Qxd6 19. Nf3 Ng6 20. Nd2 Nf6 21. Nb3 Bd5 22. Bh3 e4 23. d4 h5 24. Rfd1 Nh7 25. Ne3 Ng5 26. Bg2 h4 27. Na5 Qd7 28. Nac4 Bxc4 29. Nxc4 Nh3+ 30. Kf1 Qf5 31. e3 Re6 32. Qc2 Rf6 33. f4 exf3 34. Qxf5 fxg2+ 35. Kxg2 Rxf5 36. Kxh3 hxg3 37. hxg3 Rd8 1/2-1/2

[Event "Bundesliga 0304"]
[Site "Germany"]
[Date "2004.04.24"]
[Round "14.3"]
[White "Papa, Severin"]
[Black "Wahls, Matthias"]
[Result "0-1"]
[WhiteElo "2401"]
[BlackElo "2546"]
[PlyCount "42"]
[EventDate "2003.11.01"]
[EventType "team-tourn"]
[EventRounds "15"]
[EventCountry "GER"]
[SourceTitle "CBM 101"]
[Source "ChessBase"]
[SourceDate "2004.07.27"]
[SourceVersion "1"]
[SourceVersionDate "2004.07.27"]
[SourceQuality "1"]
[WhiteTeam "Stuttgart"]
[BlackTeam "Hamburger SK"]
[WhiteTeamCountry "GER"]
[BlackTeamCountry "GER"]

1. d4 Nf6 2. Bg5 e6 3. e4 h6 4. Bxf6 Qxf6 5. c3 d6 6. Bd3 g6 7. Ne2 e5 8. Nd2 Bg7 9. 0-0 Nc6 10. Nb3 0-0 11. f4 exd4 12. cxd4 Nb4 13. e5 dxe5 14. fxe5 Qb6 15. Kh1 Be6 16. Nc5 Rad8 17. Nf4 Rxd4 18. Nfxe6 fxe6 19. Rc1 Nxd3 20. Nxd3 Qb5 21. Rc3 Rfd8 0-1

[Event "Bundesliga 0304"]
[Site "Germany"]
[Date "2004.03.27"]
[Round "12.5"]
[White "Hoffmann, Michael"]
[Black "Wahls, Matthias"]
[Result "0-1"]
[WhiteElo "2430"]
[BlackElo "2546"]
[PlyCount "92"]
[EventDate "2003.11.01"]
[EventType "team-tourn"]
[EventRounds "15"]
[EventCountry "GER"]
[SourceTitle "CBM 100"]
[Source "ChessBase"]
[SourceDate "2004.06.01"]
[SourceVersion "1"]
[SourceVersionDate "2004.06.01"]
[SourceQuality "1"]
[WhiteTeam "Solingen"]
[BlackTeam "Hamburger SK"]
[WhiteTeamCountry "GER"]
[BlackTeamCountry "GER"]

1. e4 c5 2. Nf3 e6 3. d4 cxd4 4. Nxd4 a6 5. c4 Nf6 6. Nc3 Qc7 7. a3 b6 8. g3 Bb7 9. Bg2 d6 10. 0-0 Be7 11. Be3 Nbd7 12. Rc1 Rc8 13. f4 0-0 14. f5 e5 15. Nd5 Qd8 16. Nb3 Bc6 17. Qd3 a5 18. Qe2 a4 19. Nd2 Nc5 20. Bf2 Nxd5 21. exd5 Bd7 22. Be3 Bg5 23. Ne4 Nxe4 24. Bxe4 Bxe3+ 25. Qxe3 f6 26. Rc3 Rc5 27. Bd3 Re8 28. g4 e4 29. Bxe4 b5 30. cxb5 Rxb5 31. Rf2 Qb8 32. Rcc2 Re5 33. Qf4 Qe8 34. Bf3 Rb3 35. Kg2 h6 36. h4 Bb5 37. Rc7 Bd3 38. Rc3 Rxc3 39. bxc3 Be4 40. g5 hxg5 41. hxg5 fxg5 42. Qxg5 Rxf5 43. Qe3 Qg6+ 44. Kf1 Bxf3 45. Rxf3 Rxf3+ 46. Qxf3 Qf7 0-1

[Event "Bundesliga 0304"]
[Site "Germany"]
[Date "2004.02.15"]
[Round "9.5"]
[White "Wahls, Matthias"]
[Black "Stefansson, Hannes"]
[Result "1/2-1/2"]
[WhiteElo "2546"]
[BlackElo "2567"]
[PlyCount "38"]
[EventDate "2003.11.01"]
[EventType "team-tourn"]
[EventRounds "15"]
[EventCountry "GER"]
[SourceTitle "CBM 100"]
[Source "ChessBase"]
[SourceDate "2004.06.01"]
[SourceVersion "1"]
[SourceVersionDate "2004.06.01"]
[SourceQuality "1"]
[WhiteTeam "Hamburger SK"]
[BlackTeam "Bremer SG"]
[WhiteTeamCountry "GER"]
[BlackTeamCountry "GER"]

1. c4 Nf6 2. Nc3 e5 3. Nf3 Nc6 4. a3 g6 5. g3 Bg7 6. Bg2 0-0 7. 0-0 Re8 8. d3 d5 9. cxd5 Nxd5 10. Bg5 Nxc3 11. bxc3 Qd7 12. Qd2 b6 13. Bh6 Bb7 14. Bxg7 Kxg7 15. Qb2 Rad8 16. Nd2 Na5 17. Bxb7 Nxb7 18. a4 Na5 19. Nb3 Nxb3 1/2-1/2

[Event "Mallorca Trophy-A"]
[Site "Playchess.com INT"]
[Date "2004.02.08"]
[Round "3.2"]
[White "Wegerle, Joerg"]
[Black "Wahls, Matthias"]
[Result "1-0"]
[WhiteElo "2382"]
[BlackElo "2546"]
[PlyCount "153"]
[EventDate "2004.02.08"]
[EventType "tourn (blitz)"]
[EventRounds "12"]
[EventCountry "GER"]
[EventCategory "12"]
[SourceTitle "CBM 098 Extra"]
[Source "ChessBase"]
[SourceDate "2004.03.10"]
[SourceVersion "2"]
[SourceVersionDate "2004.03.10"]
[SourceQuality "1"]

1. e4 c5 2. Nf3 e6 3. c4 Nc6 4. Nc3 Nf6 5. Be2 Nd4 6. d3 Qc7 7. Nxd4 cxd4 8. Nb5 Qb6 9. 0-0 a6 10. Na3 d6 11. Nc2 g6 12. b4 Bg7 13. c5 dxc5 14. bxc5 Qd8 15. Ba3 0-0 16. Rb1 Re8 17. Qd2 e5 18. Rfc1 h5 19. c6 bxc6 20. Nb4 Qa5 21. Qb2 Rb8 22. Bd1 c5 23. Nc6 Rxb2 24. Nxa5 Rxa2 25. Ra1 Rxa1 26. Rxa1 Bf8 27. Bb3 Be6 28. Bc4 Nd7 29. Kf1 Bxc4 30. Nxc4 Rb8 31. Ke2 f6 32. Bc1 Ra8 33. Rb1 Ra7 34. f4 a5 35. f5 gxf5 36. exf5 a4 37. Kf3 Kh7 38. h3 Bh6 39. Ba3 h4 40. Ke4 Nf8 41. Bxc5 Rg7 42. Bxf8 Ra7 43. Bxh6 Kxh6 44. Ra1 Kg5 45. Ra2 Ra6 46. Ra3 Ra7 47. Ra2 Ra6 48. Nd2 Ra5 49. Nf3+ Kh6 50. Nh2 Kg5 51. Ng4 a3 52. Nh2 Ra4 53. Nf3+ Kh5 54. Nd2 Kg5 55. Nc4 Rb4 56. Nxa3 Ra4 57. Ra1 Ra5 58. Nc2 Rc5 59. Ne1 Rb5 60. Ra8 Rb2 61. Nf3+ Kh6 62. Rh8+ Kg7 63. Rxh4 Re2+ 64. Kd5 Kf7 65. Rh7+ Kg8 66. Rh4 Kf7 67. Rg4 Re3 68. Kc4 Re2 69. h4 Rc2+ 70. Kd5 Rc3 71. Ke4 Rc2 72. h5 Rc1 73. h6 Rh1 74. Rg7+ Kf8 75. Rg6 Kf7 76. g4 Rh3 77. g5 1-0

[Event "Bundesliga 0203"]
[Site "Germany"]
[Date "2002.12.15"]
[Round "6.6"]
[White "Kalinitschew, Sergey"]
[Black "Wahls, Matthias"]
[Result "1/2-1/2"]
[WhiteElo "2487"]
[BlackElo "2539"]
[PlyCount "52"]
[EventDate "2002.10.19"]
[EventType "team-tourn"]
[EventRounds "15"]
[EventCountry "GER"]
[SourceTitle "CBM 093"]
[Source "ChessBase"]
[SourceDate "2003.04.01"]
[SourceVersion "1"]
[SourceVersionDate "2003.04.01"]
[SourceQuality "1"]
[WhiteTeam "Kreuzberg"]
[BlackTeam "Hamburger SK"]
[WhiteTeamCountry "GER"]
[BlackTeamCountry "GER"]

1. g3 c5 2. Bg2 g6 3. c3 d5 4. d4 cxd4 5. cxd4 Bg7 6. Nc3 e6 7. Nf3 Nc6 8. 0-0 Nge7 9. b3 0-0 10. e3 b6 11. Ba3 Ba6 12. Re1 Qd7 13. Rc1 Rfc8 14. Qd2 Nf5 15. Rc2 Rc7 16. Rec1 Rcc8 17. h3 Rab8 18. g4 Nd6 19. Ne1 Bf8 20. Qd1 Ne8 21. Bxf8 Kxf8 22. Nb1 Nd6 23. f3 Nb4 24. Rxc8+ Rxc8 25. Rxc8+ Qxc8 26. Qd2 Nc6 1/2-1/2

[Event "Bundesliga 0203"]
[Site "Germany"]
[Date "2002.11.17"]
[Round "4.5"]
[White "Wahls, Matthias"]
[Black "Enders, Peter"]
[Result "1-0"]
[WhiteElo "2539"]
[BlackElo "2524"]
[PlyCount "45"]
[EventDate "2002.10.19"]
[EventType "team-tourn"]
[EventRounds "15"]
[EventCountry "GER"]
[SourceTitle "EXT 2003"]
[Source "ChessBase"]
[SourceDate "2002.11.25"]
[SourceVersion "1"]
[SourceVersionDate "2002.11.25"]
[SourceQuality "1"]
[WhiteTeam "Hamburger SK"]
[BlackTeam "Erfurt"]
[WhiteTeamCountry "GER"]
[BlackTeamCountry "GER"]

1. c4 e5 2. Nc3 Nc6 3. g3 g6 4. Bg2 Bg7 5. e4 Nge7 6. Nge2 Nd4 7. Nxd4 exd4 8. Ne2 d6 9. d3 a6 10. h3 h5 11. b4 0-0 12. a4 Rb8 13. a5 b6 14. axb6 c5 15. bxc5 dxc5 16. b7 Bxb7 17. Bf4 Ra8 18. Qb3 Ra7 19. Qa3 Qb6 20. 0-0 Rc8 21. Rfb1 Qe6 22. Bd2 Bf8 23. Ba5 1-0

[Event "Hamburg-ch int"]
[Site "Hamburg"]
[Date "2002.05.23"]
[Round "6"]
[White "Wahls, Matthias"]
[Black "Handke, Florian"]
[Result "1-0"]
[WhiteElo "2561"]
[BlackElo "2427"]
[PlyCount "79"]
[EventDate "2002.05.18"]
[EventType "swiss"]
[EventRounds "9"]
[EventCountry "GER"]
[SourceTitle "CBM 088 Extra"]
[Source "ChessBase"]
[SourceDate "2002.07.01"]
[SourceVersion "2"]
[SourceVersionDate "2002.07.01"]
[SourceQuality "1"]

1. Nf3 Nf6 2. c4 e6 3. g3 d5 4. b3 d4 5. Bg2 c5 6. e3 Nc6 7. exd4 cxd4 8. 0-0 Bd6 9. d3 0-0 10. Bg5 h6 11. Bxf6 Qxf6 12. Ne1 e5 13. Nd2 Qe7 14. Nc2 Nb4 15. Ne4 Nxc2 16. Qxc2 Bb4 17. c5 Bf5 18. Nd6 Bg6 19. Qc4 Bc3 20. Rac1 Rad8 21. Nxb7 Rb8 22. c6 Rfc8 23. h3 e4 24. dxe4 Qf6 25. f4 Rxc6 26. Qd5 Rc7 27. Nd6 d3 28. e5 Qe7 29. f5 Bh7 30. Qxd3 Bxe5 31. Nc4 Qc5+ 32. Kh2 Bf6 33. Rcd1 Rcc8 34. Qd5 Qe7 35. Qd7 Qf8 36. Qxa7 Rb5 37. Nd6 Rcb8 38. Nxb5 Rxb5 39. Qd7 Ra5 40. Rc1 1-0

[Event "Hamburg-ch int"]
[Site "Hamburg"]
[Date "2002.05.18"]
[Round "1"]
[White "Wahls, Matthias"]
[Black "Trisic, Aleksandar"]
[Result "1-0"]
[WhiteElo "2561"]
[BlackElo "2306"]
[PlyCount "66"]
[EventDate "2002.05.18"]
[EventType "swiss"]
[EventRounds "9"]
[EventCountry "GER"]
[SourceTitle "CBM 088 Extra"]
[Source "ChessBase"]
[SourceDate "2002.07.01"]
[SourceVersion "2"]
[SourceVersionDate "2002.07.01"]
[SourceQuality "1"]

1. c4 Nf6 2. Nc3 g6 3. g3 Bg7 4. Bg2 0-0 5. d3 c5 6. Rb1 Nc6 7. a3 a5 8. Nh3 d6 9. Nf4 g5 10. Nfd5 e6 11. Nxf6+ Bxf6 12. Bd2 Be7 13. 0-0 f5 14. Nb5 Kh8 15. e3 Bf6 16. Kh1 Qe7 17. d4 e5 18. dxc5 dxc5 19. Nc3 Bg7 20. Nd5 Qd8 21. Qa4 Ra6 22. Bc3 Rf7 23. Qc2 f4 24. Qd1 Qf8 25. Qh5 f3 26. Bh3 Bxh3 27. Qxh3 Nd8 28. Rfd1 Ne6 29. Bxa5 Rf5 30. Nc7 Nxc7 31. Bxc7 Qf7 32. Rd8+ Bf8 33. Rbd1 Kg7 1-0

[Event "Bundesliga 0102"]
[Site "Germany"]
[Date "2002.02.24"]
[Round "9.6"]
[White "Wahls, Matthias"]
[Black "Votava, Jan"]
[Result "0-1"]
[WhiteElo "2580"]
[BlackElo "2509"]
[PlyCount "94"]
[EventDate "2001.10.06"]
[EventType "team-tourn"]
[EventRounds "15"]
[EventCountry "GER"]
[SourceTitle "EXT 2003"]
[Source "ChessBase"]
[SourceDate "2002.11.25"]
[SourceVersion "1"]
[SourceVersionDate "2002.11.25"]
[SourceQuality "1"]
[WhiteTeam "Hamburger SK"]
[BlackTeam "Erfurt SK"]
[WhiteTeamCountry "GER"]
[BlackTeamCountry "GER"]

1. c4 c5 2. Nf3 Nf6 3. b3 g6 4. Bb2 Bg7 5. e3 0-0 6. Be2 b6 7. a3 Bb7 8. d3 d5 9. cxd5 Nxd5 10. Bxg7 Kxg7 11. Qd2 Nc6 12. Nc3 e5 13. 0-0 Nf6 14. Qb2 Qe7 15. Rab1 Rac8 16. Rfc1 Nb8 17. b4 Nbd7 18. Nd2 Rfd8 19. Nc4 Ne8 20. b5 Nd6 21. Nxd6 Qxd6 22. a4 f5 23. a5 Nf6 24. Ra1 Rc7 25. Nb1 Rcd7 26. Nd2 Bd5 27. Ra4 Qe6 28. h3 h5 29. Rca1 Kh6 30. axb6 axb6 31. Ra6 Bb7 32. Nc4 Bxa6 33. Rxa6 Nd5 34. Nxe5 Qf6 35. e4 fxe4 36. dxe4 Re7 37. exd5 Qxe5 38. Qd2+ Kg7 39. Bf3 Rd6 40. Ra8 Qe1+ 41. Qxe1 Rxe1+ 42. Kh2 Rb1 43. Kg3 Rf6 44. Rd8 Rxb5 45. d6 Rb3 46. Kh2 Rd3 47. d7 Rf8 0-1

[Event "GER-ch 73th"]
[Site "Altenkirchen"]
[Date "2001.12.04"]
[Round "5"]
[White "Espig, Lutz"]
[Black "Wahls, Matthias"]
[Result "1-0"]
[WhiteElo "2421"]
[BlackElo "2580"]
[PlyCount "95"]
[EventDate "2001.11.30"]
[EventType "swiss"]
[EventRounds "9"]
[EventCountry "GER"]
[SourceTitle "CBM 087"]
[Source "ChessBase"]
[SourceDate "2002.03.21"]
[SourceVersion "1"]
[SourceVersionDate "2002.03.21"]
[SourceQuality "1"]

1. Nf3 c5 2. c4 Nf6 3. Nc3 e6 4. g3 b6 5. Bg2 Bb7 6. 0-0 d6 7. b3 Nbd7 8. Bb2 a6 9. e3 g6 10. d4 Bg7 11. Qe2 0-0 12. Rfd1 Qc7 13. Rd2 Rad8 14. Rad1 Rfe8 15. Ne1 Bxg2 16. Nxg2 cxd4 17. Rxd4 Nc5 18. Ne1 Qc6 19. R4d2 Qc7 20. Qf3 Nfd7 21. Qg2 Ne5 22. Ne4 Nxe4 23. Qxe4 b5 24. cxb5 axb5 25. Qb4 Qb7 26. Rxd6 Rxd6 27. Qxd6 Nf3+ 28. Nxf3 Bxb2 29. Qd7 Qxd7 30. Rxd7 b4 31. Kf1 Ra8 32. Rd2 Bc3 33. Rc2 f5 34. Ke2 Kg7 35. Nd4 e5 36. Nb5 Ba1 37. e4 Ra5 38. Nd6 Ra6 39. Nc4 Bd4 40. Kd3 Kf6 41. f4 Ra7 42. exf5 gxf5 43. fxe5+ Bxe5 44. Nxe5 Kxe5 45. Re2+ Kd5 46. Rf2 Ke5 47. Kc4 Rb7 48. Rf4 1-0

[Event "GER-ch 73th"]
[Site "Altenkirchen"]
[Date "2001.12.02"]
[Round "3"]
[White "Mueller, Karsten"]
[Black "Wahls, Matthias"]
[Result "1-0"]
[WhiteElo "2503"]
[BlackElo "2580"]
[PlyCount "97"]
[EventDate "2001.11.30"]
[EventType "swiss"]
[EventRounds "9"]
[EventCountry "GER"]
[SourceTitle "CBM 087"]
[Source "ChessBase"]
[SourceDate "2002.03.21"]
[SourceVersion "1"]
[SourceVersionDate "2002.03.21"]
[SourceQuality "1"]

1. e4 c5 2. Nf3 e6 3. Nc3 a6 4. d4 cxd4 5. Nxd4 b5 6. Bd3 Qb6 7. Nb3 Qc7 8. a4 b4 9. Ne2 Bb7 10. Bf4 e5 11. Bg5 h6 12. Bh4 Be7 13. Bxe7 Nxe7 14. Qd2 a5 15. c3 Nbc6 16. Rc1 Qd6 17. 0-0 0-0 18. Rfd1 Rfd8 19. Qe3 bxc3 20. bxc3 Qc7 21. c4 Nb4 22. Nc3 Qc6 23. Nd5 Nc8 24. Be2 Qg6 25. Nc7 Ra7 26. Nb5 Ra8 27. f3 Bc6 28. c5 Ne7 29. Bc4 Qg5 30. Qf2 Rf8 31. Rd6 Ng6 32. Kh1 Kh7 33. Qd2 Nf4 34. Bf1 f5 35. exf5 Qxf5 36. Nxa5 Rxa5 37. Qxb4 Rfa8 38. Nc3 Qg5 39. Ne4 Qe7 40. Bb5 Kh8 41. Rcd1 Qe8 42. R6d2 Qg6 43. Qb2 Qe6 44. Rd6 Qe8 45. Nc3 Ne6 46. Nd5 Bxb5 47. axb5 Nxc5 48. Nc7 Ra2 49. Qxa2 1-0

[Event "Bundesliga 0102"]
[Site "Germany"]
[Date "2001.11.25"]
[Round "4.6"]
[White "Voigt, Martin"]
[Black "Wahls, Matthias"]
[Result "0-1"]
[WhiteElo "2300"]
[BlackElo "2580"]
[PlyCount "82"]
[EventDate "2001.10.06"]
[EventType "team-tourn"]
[EventRounds "15"]
[EventCountry "GER"]
[SourceTitle "EXT 2003"]
[Source "ChessBase"]
[SourceDate "2002.11.25"]
[SourceVersion "1"]
[SourceVersionDate "2002.11.25"]
[SourceQuality "1"]
[WhiteTeam "Hamburg Koenigsspringer"]
[BlackTeam "Hamburger SK"]
[WhiteTeamCountry "GER"]
[BlackTeamCountry "GER"]

1. e4 c5 2. Nf3 d6 3. d4 cxd4 4. Nxd4 Nf6 5. Nc3 a6 6. Bc4 e6 7. 0-0 b5 8. Bb3 Be7 9. f4 Bb7 10. Bxe6 fxe6 11. Nxe6 Qb6+ 12. Kh1 Nxe4 13. Nxe4 Bxe4 14. f5 h5 15. Nxg7+ Kf7 16. Nxh5 Qc6 17. Nf4 Nd7 18. Qe2 Qc4 19. Re1 Qxe2 20. Rxe2 d5 21. Be3 Bd6 22. Kg1 Ne5 23. h3 Rag8 24. Kf1 Rg5 25. Rf2 Rxf5 26. Rd1 Nc4 27. Nxd5 Rhh5 28. b3 Rxf2+ 29. Kxf2 Rxd5 30. Rxd5 Bxd5 31. bxc4 Bxc4 32. a4 b4 33. Bd4 Bd5 34. Ke3 Bxg2 35. Kd2 Ke6 36. h4 Kd5 37. Bf6 Bf3 38. Kc1 Kc4 39. Kb2 Bc5 40. Bg7 a5 41. c3 Be7 0-1

[Event "Bundesliga 0102"]
[Site "Germany"]
[Date "2001.11.24"]
[Round "3.6"]
[White "Wahls, Matthias"]
[Black "Joachim, Sven"]
[Result "1/2-1/2"]
[WhiteElo "2580"]
[BlackElo "2443"]
[PlyCount "29"]
[EventDate "2001.10.06"]
[EventType "team-tourn"]
[EventRounds "15"]
[EventCountry "GER"]
[SourceTitle "EXT 2003"]
[Source "ChessBase"]
[SourceDate "2002.11.25"]
[SourceVersion "1"]
[SourceVersionDate "2002.11.25"]
[SourceQuality "1"]
[WhiteTeam "Hamburger SK"]
[BlackTeam "Werder Bremen"]
[WhiteTeamCountry "GER"]
[BlackTeamCountry "GER"]

1. c4 Nf6 2. Nc3 e5 3. e3 d6 4. d4 Nbd7 5. Nge2 g6 6. g3 Bg7 7. Bg2 0-0 8. b3 Re8 9. 0-0 h5 10. h3 e4 11. Qc2 Qe7 12. Nf4 c6 13. b4 Nf8 14. c5 d5 15. b5 1/2-1/2

[Event "Bundesliga 0102"]
[Site "Germany"]
[Date "2001.10.07"]
[Round "2.5"]
[White "Vaganian, Rafael A"]
[Black "Wahls, Matthias"]
[Result "1/2-1/2"]
[WhiteElo "2650"]
[BlackElo "2580"]
[PlyCount "66"]
[EventDate "2001.10.06"]
[EventType "team-tourn"]
[EventRounds "15"]
[EventCountry "GER"]
[SourceTitle "EXT 2003"]
[Source "ChessBase"]
[SourceDate "2002.11.25"]
[SourceVersion "1"]
[SourceVersionDate "2002.11.25"]
[SourceQuality "1"]
[WhiteTeam "Koeln Porz"]
[BlackTeam "Hamburger SK"]
[WhiteTeamCountry "GER"]
[BlackTeamCountry "GER"]

1. Nf3 Nf6 2. g3 b5 3. Bg2 Bb7 4. Na3 a6 5. c4 b4 6. Nc2 e6 7. d4 Be4 8. 0-0 c5 9. Bg5 cxd4 10. Nfxd4 Bxg2 11. Kxg2 Be7 12. Qd3 Qb6 13. Qf3 Ra7 14. Be3 Qb7 15. Nb3 Qxf3+ 16. Kxf3 Rc7 17. c5 Nc6 18. a3 bxa3 19. Rxa3 Rb7 20. Nca1 Ne5+ 21. Kg2 Nc4 22. Rxa6 Nxe3+ 23. fxe3 0-0 24. Rf4 g6 25. Rfa4 Kg7 26. Ra7 Rxa7 27. Rxa7 Rc8 28. Nc2 Bxc5 29. Rb7 Bf8 30. Nba1 Ra8 31. Nb3 Rc8 32. Nba1 Ra8 33. Nb3 Rc8 1/2-1/2

[Event "Bundesliga 0001"]
[Site "Germany"]
[Date "2001.03.11"]
[Round "11.5"]
[White "Wahls, Matthias"]
[Black "Langheinrich, Ferenc"]
[Result "1/2-1/2"]
[WhiteElo "2568"]
[BlackElo "2384"]
[PlyCount "81"]
[EventDate "2000.10.14"]
[EventType "team-tourn"]
[EventRounds "15"]
[EventCountry "GER"]
[SourceTitle "CBM 082 Extra"]
[Source "ChessBase"]
[SourceDate "2001.07.03"]
[SourceVersion "1"]
[SourceVersionDate "2001.07.03"]
[SourceQuality "1"]
[WhiteTeam "Hamburger SK"]
[BlackTeam "Godesberg"]
[WhiteTeamCountry "GER"]
[BlackTeamCountry "GER"]

1. Nf3 Nf6 2. c4 g6 3. b4 Bg7 4. Bb2 0-0 5. d3 d5 6. cxd5 Nxd5 7. Bxg7 Kxg7 8. Qb3 a5 9. b5 c6 10. Nbd2 cxb5 11. Qxb5 Ra6 12. Nc4 Nb4 13. Rc1 f6 14. a3 Bd7 15. Qc5 Rc6 16. Qe3 Nxd3+ 17. exd3 Re6 18. Nce5 Bc6 19. Nd4 Rxe5 20. Qxe5 fxe5 21. Ne6+ Kf6 22. Nxd8 Rxd8 23. f3 Rd5 24. Be2 Nd7 25. Kf2 Nc5 26. Ke3 Ke6 27. Rc3 Kd6 28. Rb1 b5 29. h4 Bd7 30. g3 a4 31. Bd1 Be8 32. Rb4 Na6 33. Rb2 Nc5 34. Rd2 Ne6 35. f4 exf4+ 36. gxf4 Nd4 37. Bg4 Bd7 38. Bxd7 Kxd7 39. Ke4 Rd6 40. Rd1 Ne2 41. Rc2 1/2-1/2

[Event "Bundesliga 0001"]
[Site "Germany"]
[Date "2001.01.28"]
[Round "7.4"]
[White "Koch, Wolfgang Max"]
[Black "Wahls, Matthias"]
[Result "1/2-1/2"]
[WhiteElo "2335"]
[BlackElo "2568"]
[PlyCount "86"]
[EventDate "2000.10.14"]
[EventType "team-tourn"]
[EventRounds "15"]
[EventCountry "GER"]
[SourceTitle "CBM 082 Extra"]
[Source "ChessBase"]
[SourceDate "2001.07.03"]
[SourceVersion "1"]
[SourceVersionDate "2001.07.03"]
[SourceQuality "1"]
[WhiteTeam "Baiertal/Schatthausen"]
[BlackTeam "Hamburger SK"]
[WhiteTeamCountry "GER"]
[BlackTeamCountry "GER"]

1. d4 Nf6 2. Nf3 e6 3. c4 b6 4. g3 Ba6 5. b3 Bb7 6. Bg2 Bb4+ 7. Bd2 a5 8. 0-0 0-0 9. Qc2 d6 10. Nc3 Nbd7 11. a3 Bxc3 12. Bxc3 Be4 13. Qb2 Qe7 14. b4 axb4 15. axb4 Rfb8 16. Rxa8 Rxa8 17. Ra1 Qd8 18. Bf1 Bb7 19. Nd2 c5 20. bxc5 Rxa1 21. Qxa1 bxc5 22. Bg2 Bxg2 23. Kxg2 cxd4 24. Bxd4 h6 25. Qa6 e5 26. Be3 Qc7 27. h3 Kh7 28. Qb5 Kg8 29. Kh2 Kf8 30. Kg1 Ke7 31. Kh2 Qb8 32. Qc6 Qb4 33. Ne4 Nxe4 34. Qxe4 Qb2 35. Qg4 g5 36. Qh5 f6 37. h4 Kd8 38. Qxh6 gxh4 39. gxh4 Qxe2 40. Qg6 Qxc4 41. h5 Qh4+ 42. Kg1 Nf8 43. Qf7 Qg4+ 1/2-1/2